Communicative English for Nursing Students (Record no. 1737)

MARC details
000 -LEADER
Fixed length control field 00522nam a2200193 4500
003 - CONTROL NUMBER IDENTIFIER
Control field IIN
005 - DATE AND TIME OF LATEST TRANSACTION
Control field 20250408152724.0
008 - FIXED-LENGTH DATA ELEMENTS--GENERAL INFORMATION
Fixed length control field 250408b |||ad||| |||| 001 0 eng d
020 ## - INTERNATIONAL STANDARD BOOK NUMBER / ISBN
International Standard Book Number 9789386896575
Price 350.00
040 ## - CATALOGING SOURCE
Original cataloging agency IIN
082 ## - DEWEY DECIMAL CLASSIFICATION NUMBER
Classification number 428.0077
Book Number LUT
100 ## - MAIN ENTRY--PERSONAL NAME
Personal name Luther, Shammi
245 ## - TITLE STATEMENT
Title Communicative English for Nursing Students
Statement of responsibility Shammi Luther
260 ## - IMPRINT
Place of publication Jalandhar
Name of publisher Lotus Publishers
Date of publication 2021
300 ## - PHYSICAL DESCRIPTION
Page / Vol. No 300 p.
Other physical details ill.
500 ## - GENERAL NOTE
General note Includes Index
650 ## - SUBJECT ADDED ENTRY--TOPICAL TERM
Topical term Communicative English
General subdivision Nursing
942 ## - ADDED ENTRY ELEMENTS (KOHA)
Koha item type Books
Holdings
Withdrawn status Lost status Source of classification Damaged status Not for loan Collection code Home library Current library Shelving location Date acquired Total Checkouts Call number Accession number Date last seen Price effective from Koha item type
    Dewey Decimal Classification     Purches Book IDEAL INSTITUTE OF NURSING IDEAL INSTITUTE OF NURSING General Stacks 11/03/2025   428.0077 LUT 1869 08/04/2025 08/04/2025 Books
© Ideal Institute Of Nursing, All rights reserved.         Powered by Koha